| 000 | 00407nam a22001337a 4500 | ||
|---|---|---|---|
| 020 | _a9787508530048 | ||
| 040 |
_aNUST CL _cNUST |
||
| 082 |
_a330.092 _bSHI |
||
| 100 |
_aShiying, Liu _983163 |
||
| 245 |
_aJustin Yifu Lin-A Legend of Diagnosing China's Economic Development / _cLiu Shiying. |
||
| 260 |
_b China Intercontinental Pr, _c 2015. |
||
| 300 | _a195 PAGES. ; 1 online resource. | ||
| 942 |
_2ddc _cBK |
||
| 999 |
_c586528 _d586528 |
||